The influence of English literature on Urdu literature.

Bibliographic Details
Main Author: Latif, Syed Abdul
Format: Book
Language:English
Published: London : F. Groom, 1924.
Subjects:

MARC

Tag First Indicator Second Indicator Subfields
LEADER 00000cam a2200000I 4500
001 in00002052233
005 20151101064404.0
008 770112s1924 enk b 001 0 eng
010 |a  61056460  
035 |a (OCoLC)ocm02673935 
040 |a DLC  |c AZU  |d AZU  |d TXA  |d UtOrBLW 
049 |a TXAM 
050 0 0 |a PK2158  |b .L3 
090 |a PK2158  |b .L3 1924 
100 1 |a Latif, Syed Abdul. 
245 1 4 |a The influence of English literature on Urdu literature. 
264 1 |a London :  |b F. Groom,  |c 1924. 
300 |a xiii, 141 pages ;  |c 22 cm. 
336 |a text  |b txt  |2 rdacontent 
337 |a unmediated  |b n  |2 rdamedia 
338 |a volume  |b nc  |2 rdacarrier 
504 |a Bibliographical footnotes. 
650 0 |a Urdu literature  |x History and criticism. 
650 0 |a Comparative literature  |x Urdu and English. 
948 |a cataloged  |b h  |c 2005/5/11  |d c  |e jgreene  |f 1:28:43 pm 
994 |a E0  |b TXA 
999 |a MARS 
999 f f |s 1e043f5e-2f78-3225-9e82-9ce434083afb  |i e2e87e1c-6e49-33bc-8f93-78dfec9ecce5  |t 0 
952 f f |p ric  |a Texas A&M University  |b Rellis Campus  |c Joint Library Facility  |d Remote Storage  |t 0  |e PK2158 .L3 1924  |h Library of Congress classification  |i unmediated -- volume  |m A14833788846 
998 f f |a PK2158 .L3 1924  |t 0  |l Remote Storage